000 00652nam a2200205 i 4500
001 87701
003 ES-MaACL
005 20250814230839.0
007 t|
008 041223s1962 sp ||||1| spa d
100 1 _aLabrousse, Ernest.
_969301
245 1 0 _aFluctuaciones económicas
_b: historia social /
_cErnest Labrousse ; [traducción de Antonio Caamaño].
260 _aMadrid :
_bTecnos,
_c1962.
300 _a478 p. :
_bil. ;
_c24 cm.
490 1 _aCiencias sociales ;
_v24
700 1 _aCaamaño, Antonio.
_933041
830 0 0 _aCiencias sociales
_v24
_9177859
852 _aES-MaACL
_jC-27331
_bR.56202
999 _c87701
_d87701